เปลี่ยนเป็นภาษาไทย

Change to English
 แสดงรายละเอียดบรรณานุกรม
  กลับหน้าหลัก

Brief Record : Get Marc (ISO 2709) : E-mail record : QR code กลับ
E-books : เกี่ยวกับ Collections
LEADER 00000nam 2200000uu 4500
001    13399128788
003     BCNR
008    260501s2568||||th 000 0 tha d
020    ^a9786166292299
041    ^atha
060  4 ^aWS420^bส581ค 2568
100 0  ^aสันติ ปุณณะหิตานนท์
245 00 ^aคู่มือการดูแลทารกแรกเกิด /^cสันติ ปุณณะหิตานนท์ และ พิมลรัตน์ ไทยธรรมยานนท์
250    ^aพิมพ์ครั้งที่ 1
260    ^aกรุงเทพฯ :^bธนาเพรส,^c2568
300    ^a274 หน้า :^bตาราง ;^c23 ซม.
505 0  ^aบทที่ 1 การดูแลทารกในช่วงแรกหลังคลอด -- บทที่ 2 การประเมินทารกแรกเกิด และการดูแลเบื้องต้น -- บทที่ 3 การดูแลทารกเกิดก่อนกำหนด -- บทที่ 4 การดูแลรักษาทารกแรกเกิดน้ำหนักน้อยมาก -- บทที่ 5 ภาวะติดเชื้อระยะปริกำเนิดที่ป้องกันได้ในทารกแรกเกิด -- บทที่ 6 ปฏิบัติอย่างไรต่อทารกที่สงสัยมีการติดเชื้อในช่วงอายุ 3 วันแรก -- บทที่ 7 ปฏิบัติอย่างไรเมื่อทารกได้รับการบาดเจ็บจากการคลอด -- บทที่ 8 การดูแลทารกตัวเหลือง -- บทที่ 9 แนวทางการเลี้ยงนมทารกแรกเกิดก่อนกำหนด -- บทที่ 10 การให้สารอาหารทางหลอดเลือดดำ -- บทที่ 11 การช่วยหายใจแบบไม่รุกล้ำในทารกเกิดก่อนกำหนด -- บทที่ 12 การปฏิบัติต่อทารกโรคหัวใจพิการแต่กำเนิด -- บทที่ 13 ความพิการแต่กำเนิด : ปฏิบัติอย่างไรต่อทารก -- บทที่ 14 ภาวะซีดในทารกแรกเกิด -- บทที่ 15 ภาวะกลูโคสต่ำในเลือดทารกแรกเกิด -- บทที่ 16 ภาวะกลูโคสสูงในเลือดทารก -- บทที่ 17 ภาวะโซเดียมผิดปกติในเลือด -- บทที่ 18 ภาวะโปแตสเซียมผิดปกติในเลือด -- บทที่ 19 ภาวะแคลเซียมต่ำในเลือดทารก -- บทที่ 20 ป้องกันความผิดพลาดที่พบบ่อยในการดูแลทารกแรกเกิดได้อย่างไร -- บทที่ 21 การรักษาด้วยการลดอุณหภูมิร่างกาย -- บทที่ 22 การรักษาด้วยสารลดความดันเลือดในปอดทารกแรกเกิด -- บทที่ 23 แผนการจำหน่ายทารกออกจากโรงพยาบาลและการตรวจติดตาม -- บทที่ 24 ข้อมูลเพิ่มเติมท้าย
650  4 ^aทารกแรกเกิด
650  4 ^aทารกแรกเกิด^xการดูแล
700 0  ^aพิมลรัตน์ ไทยธรรมยานนท์
710 2  ^aจุฬาลงกรณ์มหาวิทยาลัย. ^bคณะแพทยศาสตร์.^bภาควิชากุมารเวชศาสตร์.^bสาขาวิชาทารกแรกเกิด
999    ^aบรรณารักษ์
รายการนี้ยังไม่มีแท็ก
คุณยังไม่ได้ล็อกอิน คุณสามารถมีกิจกรรมร่วมกับเว็บไซต์ได้ แต่ต้องล็อกอินก่อน ::
  ล็อกอิน
ลำดับที่ ประเภท เลขเรียก/บาร์โค้ด สถานที่ สถานะ
1. หนังสือ
หนังสือ
WS420 ส581ค 2568 c.1 
  Barcode: 087769
ห้องสมุดสาขาหลัก
►หนังสือทั่วไป
On Shelf
*รอนำขึ้นชั้น
2. หนังสือ
หนังสือ
WS420 ส581ค 2568 c.2 
  Barcode: 087770
ห้องสมุดสาขาหลัก
►หนังสือทั่วไป
On Shelf
*รอนำขึ้นชั้น
3. หนังสือ
หนังสือ
WS420 ส581ค 2568 c.3 
  Barcode: 087771
ห้องสมุดสาขาหลัก
►หนังสือทั่วไป
On Shelf
*รอนำขึ้นชั้น
4. หนังสือ
หนังสือ
WS420 ส581ค 2568 c.4 
  Barcode: 087772
ห้องสมุดสาขาหลัก
►หนังสือทั่วไป
On Shelf
*รอนำขึ้นชั้น
5. หนังสือ
หนังสือ
WS420 ส581ค 2568 c.5 
  Barcode: 087773
ห้องสมุดสาขาหลัก
►หนังสือทั่วไป
On Shelf
*รอนำขึ้นชั้น
6. หนังสือ
หนังสือ
WS420 ส581ค 2568 c.6 
  Barcode: 087774
ห้องสมุดสาขาหลัก
►หนังสือทั่วไป
On Shelf
*รอนำขึ้นชั้น
7. หนังสือ
หนังสือ
WS420 ส581ค 2568 c.7 
  Barcode: 087775
ห้องสมุดสาขาหลัก
►หนังสือทั่วไป
On Shelf
*รอนำขึ้นชั้น
8. หนังสือ
หนังสือ
WS420 ส581ค 2568 c.8 
  Barcode: 087776
ห้องสมุดสาขาหลัก
►หนังสือทั่วไป
On Shelf
*รอนำขึ้นชั้น
9. หนังสือ
หนังสือ
WS420 ส581ค 2568 c.9 
  Barcode: 087777
ห้องสมุดสาขาหลัก
►หนังสือทั่วไป
On Shelf
*รอนำขึ้นชั้น
10. หนังสือ
หนังสือ
WS420 ส581ค 2568 c.10 
  Barcode: 087778
ห้องสมุดสาขาหลัก
►หนังสือทั่วไป
On Shelf
*รอนำขึ้นชั้น
   [แสดง 10/10 รายการ]

รายการใกล้เคียง
    ผู้แต่ง [สันติ ปุณณะหิตานนท์]

    หัวเรื่อง [ทารกแรกเกิด]

BibComment


ยังไม่เคยถูกคอมเมนท์

คอมเมนท์ทรัพยากรรายการนี้
  คอมเมนท์: คู่มือการดูแลทาร..
Bib 13399128788

 
 
 

 Union Library Management : ULibM
Copyright 2026. All Rights Reserved.